000 00290nam a2200121Ia 4500
005 20251222155144.0
008 251222s9999||||xx |||||||||||||| ||spa||
082 _aINV.34
100 _aCASTRO DE LA MATA,Ramiro.
245 0 _aMonografía de investigación
264 _bCedro
942 _cLIB
999 _c39304
_d39304